|
|
|
|
| LEADER |
01793cas a2200241 a 4500 |
| 001 |
AALejournalIMF006702 |
| 008 |
230101c9999 xx r poo 0 0eng d |
| 020 |
|
|
|c 5.00 USD
|
| 020 |
|
|
|z 9781455207725
|
| 022 |
|
|
|a 1934-7685
|
| 040 |
|
|
|a BD-DhAAL
|c BD-DhAAL
|
| 110 |
2 |
|
|a International Monetary Fund.
|
| 245 |
1 |
0 |
|a Finland :
|b 2010 Article IV Consultation; Staff Report; Staff Statement; Public Information Notice on the Executive Board Discussion; and Statement by the Executive Director for Finland.
|
| 264 |
|
1 |
|a Washington, D.C. :
|b International Monetary Fund,
|c 2010.
|
| 300 |
|
|
|a 1 online resource (94 pages)
|
| 490 |
1 |
|
|a IMF Staff Country Reports
|
| 500 |
|
|
|a <strong>Off-Campus Access:</strong> No User ID or Password Required
|
| 500 |
|
|
|a <strong>On-Campus Access:</strong> No User ID or Password Required
|
| 506 |
|
|
|a Electronic access restricted to authorized BRAC University faculty, staff and students
|
| 520 |
3 |
|
|a Owing to the high dependence of its exports on countries and commodities, Finland experienced the worst recession in the euro area. Executive Directors encouraged authorities to focus on improving bank cost efficiency, preventing excessive risk taking, and limiting liquidity and funding risks. Directors welcomed the establishment of the Nordic-Baltic Stability Group, and stressed the need to strengthen the effectiveness of cross-border supervision and crisis management arrangements. Directors welcomed structural reforms and also emphasized the need of a strong fiscal consolidation to secure fiscal sustainability.
|
| 538 |
|
|
|a Mode of access: Internet
|
| 830 |
|
0 |
|a IMF Staff Country Reports; Country Report ;
|v No. 2010/273
|
| 856 |
4 |
0 |
|z Full text available on IMF
|u http://elibrary.imf.org/view/journals/002/2010/273/002.2010.issue-273-en.xml
|z IMF e-Library
|